<?xml version="1.0" encoding="UTF-8"?>
<record
    xmlns:xsi="http://www.w3.org/2001/XMLSchema-instance"
    xsi:schemaLocation="http://www.loc.gov/MARC21/slim http://www.loc.gov/standards/marcxml/schema/MARC21slim.xsd"
    xmlns="http://www.loc.gov/MARC21/slim">

  <leader>01333nam a22002417a 4500</leader>
  <controlfield tag="003">BD-DhJNU</controlfield>
  <controlfield tag="005">20260505051653.0</controlfield>
  <controlfield tag="008">260505b        |||||||| |||| 00| 0 eng d</controlfield>
  <datafield tag="020" ind1=" " ind2=" ">
    <subfield code="a">9788197055362</subfield>
  </datafield>
  <datafield tag="040" ind1=" " ind2=" ">
    <subfield code="a">BD-DhJNU</subfield>
    <subfield code="b">BEN</subfield>
    <subfield code="c">BD-DhJNU</subfield>
    <subfield code="d">BD-DhJNU</subfield>
  </datafield>
  <datafield tag="082" ind1=" " ind2=" ">
    <subfield code="2">23</subfield>
    <subfield code="a">954.14</subfield>
  </datafield>
  <datafield tag="100" ind1=" " ind2=" ">
    <subfield code="a">&#x9AE;&#x9C1;&#x996;&#x9CB;&#x9AA;&#x9BE;&#x9A7;&#x9CD;&#x9AF;&#x9BE;&#x9AF;&#x9BC;, &#x9A8;&#x9BF;&#x9B0;&#x9CD;&#x9AE;&#x9BE;&#x9B2;&#x9CD;&#x9AF;&#x995;&#x9C1;&#x9AE;&#x9BE;&#x9B0; </subfield>
  </datafield>
  <datafield tag="242" ind1=" " ind2=" ">
    <subfield code="a">Permanent settlement and the bengali society of the time /  </subfield>
    <subfield code="c">Nirmalya Kumar Mukherjee</subfield>
  </datafield>
  <datafield tag="245" ind1=" " ind2=" ">
    <subfield code="a">&#x99A;&#x9BF;&#x9B0;&#x9B8;&#x9CD;&#x9A5;&#x9BE;&#x9AF;&#x9BC;&#x9C0; &#x9AC;&#x9A8;&#x9CD;&#x9A6;&#x9CB;&#x9AC;&#x9B8;&#x9CD;&#x9A4; &#x993; &#x9A4;&#x9CE;&#x995;&#x9BE;&#x9B2;&#x9C0;&#x9A8; &#x9AC;&#x999;&#x9CD;&#x997;&#x9B8;&#x9AE;&#x9BE;&#x99C; /</subfield>
    <subfield code="c">&#x9A8;&#x9BF;&#x9B0;&#x9CD;&#x9AE;&#x9BE;&#x9B2;&#x9CD;&#x9AF;&#x995;&#x9C1;&#x9AE;&#x9BE;&#x9B0; &#x9AE;&#x9C1;&#x996;&#x9CB;&#x9AA;&#x9BE;&#x9A7;&#x9CD;&#x9AF;&#x9BE;&#x9AF;&#x9BC; </subfield>
  </datafield>
  <datafield tag="260" ind1=" " ind2=" ">
    <subfield code="a">&#x995;&#x9B2;&#x995;&#x9BE;&#x9A4;&#x9BE; :</subfield>
    <subfield code="b">&#x9AA;&#x99E;&#x9CD;&#x99A;&#x9BE;&#x9B2;&#x9BF;&#x995;&#x9BE; &#x9AA;&#x9CD;&#x9B0;&#x995;&#x9BE;&#x9B6;&#x9A8;&#x9C0;,</subfield>
    <subfield code="c">2024.</subfield>
  </datafield>
  <datafield tag="300" ind1=" " ind2=" ">
    <subfield code="a">&#x9E9;&#x9E8;&#x9E6; &#x9AA;&#x9C3;. : </subfield>
    <subfield code="b">&#x99A;&#x9BF;&#x9A4;&#x9CD;&#x9B0; ; </subfield>
    <subfield code="c">&#x9E8;&#x9E8; &#x9B8;&#x9C7;&#x9AE;&#x9BF;.&#x964;</subfield>
  </datafield>
  <datafield tag="504" ind1=" " ind2=" ">
    <subfield code="a">&#x997;&#x9CD;&#x9B0;&#x9A8;&#x9CD;&#x9A5;&#x9AA;&#x99E;&#x9CD;&#x99C;&#x9BF;&#x997;&#x9A4; &#x9A8;&#x9BF;&#x9B0;&#x9CD;&#x9A6;&#x9C7;&#x9B6;&#x9BF;&#x995;&#x9BE; &#x993; &#x9A8;&#x9BF;&#x998;&#x9A8;&#x9CD;&#x99F; &#x985;&#x9A8;&#x9CD;&#x9A4;&#x9AD;&#x9C2;&#x995;&#x9CD;&#x9A4;</subfield>
  </datafield>
  <datafield tag="650" ind1=" " ind2=" ">
    <subfield code="a">&#x9AD;&#x9C2;&#x9AE;&#x9BF; &#x9AC;&#x9CD;&#x9AF;&#x9AC;&#x9B8;&#x9CD;&#x9A5;&#x9BE; - &#x9AC;&#x9BE;&#x982;&#x9B2;&#x9BE; &#x987;&#x9A4;&#x9BF;&#x9B9;&#x9BE;&#x9B8;</subfield>
  </datafield>
  <datafield tag="650" ind1=" " ind2=" ">
    <subfield code="a">Land Tenure - Bengal History</subfield>
  </datafield>
  <datafield tag="650" ind1=" " ind2=" ">
    <subfield code="a">&#x99C;&#x9AE;&#x9BF;&#x9A6;&#x9BE;&#x9B0; &#x9AA;&#x9CD;&#x9B0;&#x9A5;&#x9BE;</subfield>
  </datafield>
  <datafield tag="650" ind1=" " ind2=" ">
    <subfield code="a">&#x9AC;&#x9CD;&#x9B0;&#x9BF;&#x99F;&#x9BF;&#x9B6; &#x9B6;&#x9BE;&#x9B8;&#x9A8; - &#x9B8;&#x9BE;&#x9AE;&#x9BE;&#x99C;&#x9BF;&#x995; &#x993; &#x985;&#x9B0;&#x9CD;&#x9A5;&#x9A8;&#x9C8;&#x9A4;&#x9BF;&#x995; &#x9AA;&#x9CD;&#x9B0;&#x9AD;&#x9BE;&#x9AC;</subfield>
  </datafield>
  <datafield tag="942" ind1=" " ind2=" ">
    <subfield code="2">ddc</subfield>
    <subfield code="c">BK</subfield>
    <subfield code="n">0</subfield>
  </datafield>
  <datafield tag="999" ind1=" " ind2=" ">
    <subfield code="c">2768</subfield>
    <subfield code="d">2768</subfield>
  </datafield>
  <datafield tag="952" ind1=" " ind2=" ">
    <subfield code="0">0</subfield>
    <subfield code="1">0</subfield>
    <subfield code="2">ddc</subfield>
    <subfield code="4">0</subfield>
    <subfield code="7">0</subfield>
    <subfield code="8">NFIC</subfield>
    <subfield code="a">JnUCL</subfield>
    <subfield code="b">JnUCL</subfield>
    <subfield code="c">GEN</subfield>
    <subfield code="d">2026-05-05</subfield>
    <subfield code="e">Purchase</subfield>
    <subfield code="l">0</subfield>
    <subfield code="o">954.14 MUP</subfield>
    <subfield code="p">JNUCL36060</subfield>
    <subfield code="r">2026-05-05 05:17:55</subfield>
    <subfield code="t">1</subfield>
    <subfield code="w">2026-05-05</subfield>
    <subfield code="y">BK</subfield>
  </datafield>
</record>
